=LDR 00000nam 2200000 4500 =001 NUTBA000000000002022 =990 ##$$a 21108527 =005 20200206051445 =990 ##$$a 21108526 =035 ##$$a 0010-051400000000487 =008 200206################g##########0#ind## =020 ##$$a 978-979-29-0949-4 =082 ##$$a 006.68 =100 ##$$a Edi S Mulyanto =245 1#$$a Dua Ratus Dua Belas Tip Menguasai Adobe Photoshop CS4 /$c Edi S Mulyanto; Editor, FI. Sigit Suyantoro =260 ##$$a yogyakarta :$b andi,$c 2009 =084 ##$$a 006.68 EDI d =250 ##$$a Ed. IV =300 ##$$a xiv, 224 hlm, , : $b Illus ; $c 23 x 16 cm =650 #4$$a Adobe Photoshop CS4 =700 #$$a FI. Sigit Suyantoro =504 ##$$a Hlm. 223 =990 ##$$a 21108526 =990 ##$$a 21108527 =990 ##$$a 21108527 =990 ##$$a 21108526